Statistics for Country Anagrams: Two Words (#1)

Click here to take the quiz!

General Stats

  • This quiz has been taken 79 times
  • The average score is 6 of 11

Answer Stats

Anagram Country % Correct
We, A Land ZenNew Zealand
84%
Rats Coo IvyIvory Coast
72%
Ore Or Thank?North Korea
60%
Snail ArkSri Lanka
58%
Landmass Hall, SirMarshall Islands
52%
Lad Or Slave?El Salvador
51%
I Aid A U.S.A. BarSaudi Arabia
45%
U.S. HandoutsSouth Sudan
43%
Ivy, Can't I Act?Vatican City
37%
Aim, Otters!East Timor
30%
Release Iron!Sierra Leone
27%

Score Distribution

Percentile by Number Answered

Percent of People with Each Score

Your Score History

You have not taken this quiz